MARC details
| 000 -LEADER |
| fixed length control field |
03866nam a22004098i 4500 |
| 001 - ACCESSION NUMBER |
| control field |
BRILL9789004504615 |
| 003 - CONTROL NUMBER IDENTIFIER |
| control field |
nllekb |
| 005 - DATE AND TIME OF LATEST TRANSACTION |
| control field |
20260415154324.0 |
| 006 - FIXED-LENGTH DATA ELEMENTS--ADDITIONAL MATERIAL CHARACTERISTICS--GENERAL INFORMATION |
| fixed length control field |
m d |
| 007 - PHYSICAL DESCRIPTION FIXED FIELD--GENERAL INFORMATION |
| fixed length control field |
cr un uuuua |
| 008 - FIXED-LENGTH DATA ELEMENTS--GENERAL INFORMATION |
| fixed length control field |
230524s2023 gw sb 001 0 eng d |
| 020 ## - INTERNATIONAL STANDARD BOOK NUMBER |
| International Standard Book Number |
9789004504615 |
| Qualifying information |
(electronic book) |
| 020 ## - INTERNATIONAL STANDARD BOOK NUMBER |
| Cancelled/invalid ISBN |
9789004504608 |
| Qualifying information |
(print) |
| 024 7# - OTHER STANDARD IDENTIFIER |
| Standard number or code |
10.1163/9789004504615 |
| Source of number or code |
DOI |
| 040 ## - CATALOGING SOURCE |
| Original cataloging agency |
NL-LeKB |
| Transcribing agency |
NL-LeKB |
| Description conventions |
rda |
| 041 ## - LANGUAGE CODE |
| Language code of text/sound track or separate title |
eng |
| 050 #4 - LIBRARY OF CONGRESS CALL NUMBER |
| Classification number |
AM7 |
| 072 #7 - SUBJECT CATEGORY CODE |
| Subject category code |
PDX |
| Source |
bicssc |
| 072 #7 - SUBJECT CATEGORY CODE |
| Subject category code |
SCI |
| Subject category code subdivision |
034000 |
| Source |
bisacsh |
| 082 04 - DEWEY DECIMAL CLASSIFICATION NUMBER |
| Classification number |
069 |
| Edition number |
23 |
| 100 1# - MAIN ENTRY--PERSONAL NAME |
| Personal name |
Gauvin, Jean-François, |
| Relator term |
author. |
| 245 10 - TITLE STATEMENT |
| Title |
Instruments of Knowledge : |
| Remainder of title |
Finding Meaning in Objects, Habits, and Museums / |
| Statement of responsibility, etc |
Jean-François Gauvin. |
| 246 3# - VARYING FORM OF TITLE |
| Title proper/short title |
Finding Meaning in Objects, Habits, and Museums |
| 300 ## - PHYSICAL DESCRIPTION |
| Extent |
1 online resource (288 pages) : |
| Other physical details |
illustrations. |
| 490 1# - SERIES STATEMENT |
| Series statement |
Nuncius Series ; |
| Volume number/sequential designation |
12 |
| 504 ## - BIBLIOGRAPHY, ETC. NOTE |
| Bibliography, etc |
Includes bibliographical references and index. |
| 505 0# - FORMATTED CONTENTS NOTE |
| Title |
Acknowledgments -- List of Illustrations -- Introduction -- 1 A Short Case Study: The Early Académie royale des sciences in Paris -- 2 Reading This Book -- Part 1: Organum -- Introduction -- 1 Quid organum erat? The Idea of Instrument in Early Modern Europe -- 1 Organum scientiae: Definitions and Examples -- 2 Organ-ization of Knowledge -- 2 Organ Making and Natural Philosophical Knowledge in Marin Mersenne's Harmonie Universelle -- 1 Mersenne's Seven Books on Instruments in the Harmonie universelle -- 2 The Organ and Mersenne's Epistemology of Natural Philosophical Knowledge -- 3 Musical Instruments and the 'parfait musicien' -- Part 2: Habitus -- Introduction -- 3 Habitus in corpore, habitus in anima: Making and Thinking in Early Modern Europe -- 1 Defining habitus in Early Modern Europe -- 2 Habitus and Descartes's Logic of Practice -- 3 Habitus and the Concept of Knowledge Production -- 4 Blaise Pascal, coutume, and the Arithmetical Machine -- 4 From idiotae to artistes: Artisans, Instruments, and the Nature of Craftsmanship in Early Modern Europe -- 1 Descartes, Artisans, and âmes réglées -- 2 Who Assists Whom: The Structural Dynamic of Artisan and Savant Interactions -- 3 From artiste to Toyware Manufacturing -- Part 3: Museum -- Introduction -- 5 Repair, Restoration, Exhibition: Instruments and the Epistemic Value of Brokenness -- 1 Restorer v. Conservator: How to 'Repair' Damaged Instruments? -- 2 Reconstruction and Restoration: Abbé Nollet's Scientific Instruments -- 3 Identity, Integrity, Authenticity: Between the Unit of the Total and the Unit of the Whole -- 4 Reuse and Recycle: Exhibiting the DIY of Scientists and Craftsmen -- 6 Instrument Trajectories: Ways of Knowing the World -- 1 Collecting Instruments -- 2 Knowing Through Playing -- 3 Digitizing Collections -- Epilogue -- Bibliography -- Index. |
| 520 ## - SUMMARY, ETC. |
| Summary, etc |
In a bid to claim 'scientific objects' as requiring a significant amount of conceptual labor, this book looks sequentially at instruments, habits, and museums. The goal is to uncover how, together, these material and immaterial activities, rules, and commitments form one meaningful and credible blueprint revealing the building blocks of knowledge production. They serve to conceptualize and examine the entire life of an instrument: from its ideation and craft to its use, reuse, circulation, recycling, and (if not obliterated) its final entry into a museum. It is such an epistemological triptych that guides this investigation. |
| 546 ## - LANGUAGE NOTE |
| Language note |
English |
| 650 #0 - SUBJECT ADDED ENTRY--TOPICAL TERM |
| Topical term or geographic name as entry element |
Museum techniques. |
| 650 #0 - SUBJECT ADDED ENTRY--TOPICAL TERM |
| Topical term or geographic name as entry element |
Museums |
| General subdivision |
Philosophy. |
| 650 #0 - SUBJECT ADDED ENTRY--TOPICAL TERM |
| Topical term or geographic name as entry element |
Museums |
| General subdivision |
Social aspects. |
| 776 08 - ADDITIONAL PHYSICAL FORM ENTRY |
| Display text |
Print version: |
| Title |
Instruments of Knowledge : Finding Meaning in Objects, Habits, and Museums. |
| Place, publisher, and date of publication |
Leiden ; Boston : Brill, 2023. |
| International Standard Book Number |
9789004504608 |
| 830 #0 - SERIES ADDED ENTRY--UNIFORM TITLE |
| Uniform title |
Nuncius Series ; |
| Volume number/sequential designation |
12. |
| 856 4# - ELECTRONIC LOCATION AND ACCESS |
| Uniform Resource Identifier |
<a href="http://dx.doi.org/10.1163/9789004504615">http://dx.doi.org/10.1163/9789004504615</a> |
| 942 ## - ADDED ENTRY ELEMENTS (KOHA) |
| Source of classification or shelving scheme |
Dewey Decimal Classification |
| Koha item type |
Electronic Books |